Zahrajme sa s poéziou (Dvadsať básní - dvadsať aktivít)

Bibliographic Details
Main Author: Homolová, Eva, 1954- (Author)
Format: Book
Language:Slovak
PhysicalDescription:34 s. 21 cm
Published: Banská Bystrica Metodické centrum 1996
ISBN:8080410984
Subjects:

MARC

LEADER 00000nam a2200000 a 4500
001 vtls001218139
003 SK-MaSNL
005 20260301002920.0
008 240318s1996 xo a r y slo
015 |a SNBA1996/1002912 
020 |a 8080410984  |c (200 výt.) 
035 |a SNK000161559 
035 |a urn:nbn:sk:snk-amkf5g 
035 |a urn:nbn:sk:snk-am003dsw 
035 |a A0765374-89F2-48C1-8604-E0E7A53702D1 
040 |a SNK  |b slo  |c SNK  |e AACR2 
041 0 |a slo 
044 |a xo  |c SK 
080 |a 371.3:802.0(072)  |2 1981 
080 |a 802.0(072)  |2 1981 
100 1 |a Homolová, Eva,  |d 1954-  |4 aut  |9 207121 
245 1 0 |a Zahrajme sa s poéziou  |b (Dvadsať básní - dvadsať aktivít)  |c Eva Homolová 
260 |a Banská Bystrica  |b Metodické centrum  |c 1996 
300 |a 34 s.  |c 21 cm 
504 |a Bibliogr. s. 34 
650 0 7 |a angličtina  |x vyučovanie  |x poézia  |x využitie  |x príručky metodické  |2 SNK  |9 283463 
655 7 |a príručky  |2 SNK  |9 74364 
919 |a 80-8041-098-4 
958 |a RM 
958 |a NB 
999 |c 538399  |d 540329 
952 |t P60, <03>, [BOOK], {603}  |a SNK  |b SNK  |y PREZ  |7 0  |p 17A0006010  |o snkSC 90759  |i snkKSP 5300/96  |0 0  |1 0  |4 0  |d 1996-07-02  |f 1  |l 0  |r 2025-09-09 00:00:00  |w 2026-02-23 
952 |t P60, <09>, [BOOK], {629}  |a SNK  |b SNK  |y NEVYP  |7 0  |o snkC 1170  |i snk2196/960703  |0 0  |1 0  |4 0  |d 1996-07-02  |l 0  |r 2005-01-01 00:00:00  |w 2026-02-23 
952 |t P60, <04>, [BOOK], {604}  |a SNK  |b SNK  |y VYP  |7 0  |p 17A0006009  |o snkSC 90759 D1  |i snkKSP 5301/96  |0 0  |1 0  |4 0  |d 1996-07-02  |l 0  |r 2005-01-01 00:00:00  |w 2026-02-23